000 00479nam a2200193Ia 4500
005 20260617150204.0
008 131103s9999 xx 000 0 und d
040 _aLoreto College
041 _aEnglish
082 _a200
_bMAR
100 _aMaritain, jacques
245 _aReligion & Culture
_cJacques Maritain
260 _aLondon
_bSheed & Ward
_c1931
300 _axxvii,66p.
440 _aEssays in order; No.1
650 _aReligion
850 _aLCLIB
942 _cBK
999 _c25624
_d76103